01496nam a22003017a 4500003000400000005001700004008004300021040001100064082001700075100004100092245007000133260005000203300001900253490001300272505001400285505026700299505003600566505002300602505016300625505013800788505001700926650004400943650004400987650004701031650004301078650004401121700002901165OSt20230706094536.0170318s2016 gt||||| |||| 00| 0 spa d cLado V04a306.4bR786c aRoque Baldovinos, Ricardoedirectora10aCultura/bRevista del consejo nacional para la cultura y el arte/ bConsejo Nacional de Culturac1999aCosta Rica a198p.c24x18cm a84v1999 aEditorial aENSAYOStDe como el personaje fue maestro y el autor su aprendiz La historia cifrada El drama del purgatorio plasmado en una pintura colonial Las ideas filosóficas en El Salvador La religión del arte Carlos Martínez Rivas y la soledad de las ciudades aENTREVISTAtAlvaro Mendez Leal  aPOESÍAtCOMARCAS aESPECIALtNueva cuentistica salvadoreña Una pequeña libreta de apuntes Cementerio de carrosMujeres en el rincón Razor Correspondencia de abril Vaca aCOMENTARIOStRetorno a los clásicos En el centenario de Xavier Zubiri Saramago Reinventando el 68 francés Los cuentos Sucios aTINTA FRESCA 2Tesauro de Arte & ArquitecturaaCULTURA 2Tesauro de Arte & ArquitecturaaENSAYOS 2Tesauro de Arte & ArquitecturaaENTREVISTA 2Tesauro de Arte & ArquitecturaaPOESIA 2Tesauro de Arte & ArquitecturaaCRITICA1 aSvankmajer.eilustrador.